ARRUPE JESUIT UNIVERSITY

CORONAVIRUS -STOP THE SPREAD - CLEAN,DISINFECT,COVER

Memoirs of General W.T. Sherman (Record no. 121205)

MARC details
000 -LEADER
fixed length control field 00739nam a22001817a 4500
008 - FIXED-LENGTH DATA ELEMENTS--GENERAL INFORMATION
fixed length control field 141107b xxu||||| |||| 00| 0 eng d
050 ## - LIBRARY OF CONGRESS CALL NUMBER
Classification number E467.1.S55 A3 1990
100 ## - MAIN ENTRY--PERSONAL NAME
Personal name Sherman, William Tecumseh
9 (RLIN) 12506
245 ## - TITLE STATEMENT
Title Memoirs of General W.T. Sherman
Statement of responsibility, etc William Tecumseh Sherman
260 ## - PUBLICATION, DISTRIBUTION, ETC. (IMPRINT)
Place of publication, distribution, etc New York
Name of publisher, distributor, etc The Library of America
Date of publication, distribution, etc 1990
300 ## - PHYSICAL DESCRIPTION
Extent 1136p. ;
Dimensions 21cm.
600 ## - SUBJECT ADDED ENTRY--PERSONAL NAME
Personal name Sherman, William T. (William Tecumseh)
Chronological subdivision 1820-1891
9 (RLIN) 12507
650 ## - SUBJECT ADDED ENTRY--TOPICAL TERM
Topical term or geographic name as entry element History
General subdivision Civil War
-- Personal narratives
Chronological subdivision 1861-1865
Geographic subdivision United States
9 (RLIN) 12508
650 ## - SUBJECT ADDED ENTRY--TOPICAL TERM
Topical term or geographic name as entry element History
General subdivision Civil war
-- Campaigns
Chronological subdivision 1861-1865
Geographic subdivision United States
9 (RLIN) 12509
650 ## - SUBJECT ADDED ENTRY--TOPICAL TERM
Topical term or geographic name as entry element Generals
General subdivision Biography
Geographic subdivision United States
9 (RLIN) 12510
650 ## - SUBJECT ADDED ENTRY--TOPICAL TERM
Topical term or geographic name as entry element Army
General subdivision Biography
Geographic subdivision United States
9 (RLIN) 12511
942 ## - ADDED ENTRY ELEMENTS (KOHA)
Source of classification or shelving scheme Library of Congress Classification
Item type Monograph ( Printed materials)
Holdings
Withdrawn status Lost status Source of classification or shelving scheme Damaged status Not for loan Collection code Home library Current library Shelving location Date acquired Total Checkouts Full call number Barcode Date last seen Price effective from Koha item type
    Library of Congress Classification     Main Collection ARRUPE LIBRARY ARRUPE LIBRARY Main Collection 07/11/2014   E467.1.S55 A3 1990 46500003773 13/12/2017 07/11/2014 Monograph ( Printed materials)

 

Arrupe Library. PO Box MP320 Mt Pleasant, Harare, Zimbabwe
263 242 745411|librarian@aju.ac.zw